A university grammar of English / (Record no. 1051)

000 -LEADER
fixed length control field 01036cam a2200313 i 4500
003 - CONTROL NUMBER IDENTIFIER
control field OSt
005 - DATE AND TIME OF LATEST TRANSACTION
control field 20210623091810.0
008 - FIXED-LENGTH DATA ELEMENTS--GENERAL INFORMATION
fixed length control field 741218r1973 enk b 001 0 eng
020 ## - INTERNATIONAL STANDARD BOOK NUMBER
International Standard Book Number 0582552079 :
040 ## - CATALOGING SOURCE
Transcribing agency DLC
050 00 - LIBRARY OF CONGRESS CALL NUMBER
Classification number PE1112
Item number .Q5 1973
100 1# - MAIN ENTRY--PERSONAL NAME
Personal name Quirk, Randolph.
245 12 - TITLE STATEMENT
Title A university grammar of English /
Statement of responsibility, etc. [by] Randolph Quirk, Sidney Greenbaum.
260 ## - PUBLICATION, DISTRIBUTION, ETC.
Place of publication, distribution, etc. [Harlow] :
Name of publisher, distributor, etc. Longman,
Date of publication, distribution, etc. 1973.
300 ## - PHYSICAL DESCRIPTION
Extent xi, 484 p. ;
Dimensions 24 cm.
500 ## - GENERAL NOTE
General note "Based on A grammar of contemporary English by Randolph Quirk [et al.]"
500 ## - GENERAL NOTE
General note American ed. published under title: A concise grammar of contemporary English.
500 ## - GENERAL NOTE
General note Includes index.
504 ## - BIBLIOGRAPHY, ETC. NOTE
Bibliography, etc. note Bibliography: p. [462]-464.
650 #0 - SUBJECT ADDED ENTRY--TOPICAL TERM
Topical term or geographic name entry element English language
General subdivision Grammar.
700 1# - ADDED ENTRY--PERSONAL NAME
Personal name Greenbaum, Sidney,
Relator term joint author.
906 ## - LOCAL DATA ELEMENT F, LDF (RLIN)
a 7
b cbc
c orignew
d 3
e ncip
f 19
g y-gencatlg
942 ## - ADDED ENTRY ELEMENTS (KOHA)
Source of classification or shelving scheme
Koha item type Book
Suppress in OPAC SO
Holdings
Withdrawn status Lost status Source of classification or shelving scheme Damaged status Not for loan Permanent Location Current Location Shelving location Date acquired Total Checkouts Full call number Barcode Date last seen Price effective from Koha item type Public note
          AU LIBRARY AU LIBRARY Open Shelf 23.06.2021   PE1112 .Q5 1973 28001786 23.06.2021 23.06.2021 Book SO

Powered by Koha